00422nam a2200157Ia 4500008004100000020001800041040001900059041001200078082002500090100001800115245004000133260004000173300001600213650001700229850001800246131103s9999 xx 000 0 und d a0 7131 5599 4 aLoreto College aEnglish a842/CURbLCLIB/23654 aCurrie, Peter aCorneillebPolyeucte cPeter Currie aBritainbThe Camlet Press Ltdc1974 a62p c 18cm aFrench-drama aLCLIB/842/CUR